| 000 | 00731nam a2200241Ia 4500 | ||
|---|---|---|---|
| 008 | 160319s9999 xx 000 0 und d | ||
| 020 | _a971-08-3089-9 | ||
| 050 | _aFIL PE 1065 | ||
| 050 | _b.A46 2006 c.2 | ||
| 100 | _aAlmario, Corazon G. | ||
| 245 | _aDeveloping skills in grammar & composition 2 / | ||
| 245 | _cCorazon G. Alamario. | ||
| 260 | _aMandaluyong: | ||
| 260 | _bNational Book Store, | ||
| 260 | _c2006 | ||
| 300 | _a243 pages : | ||
| 300 | _billustrations ; | ||
| 300 | _c22 cm. | ||
| 440 | _aDeveloping language skills for college. | ||
| 500 | _aIncludes bibliographical references and index. | ||
| 650 | _aEnglish language -- Composition and exercises. | ||
| 650 | _xEnglish language -- Grammar. | ||
| 999 |
_c291723 _d291723 |
||